| 000 | 00496nam a22001933a 4500 | ||
|---|---|---|---|
| 005 | 20210223124436.0 | ||
| 008 | 011012s1996 mx fr 000 0 spa d | ||
| 020 | _a9682002354 | ||
| 035 | _aUPN01000112991 | ||
| 049 | _aCG | ||
| 050 | 4 |
_aB1246 _bB4.38 |
|
| 100 | 1 | _aBernhardt, Jean | |
| 245 | 1 | 0 |
_aHobbes / _cJean Bernhardt. |
| 260 |
_aMéxico : _bCNCA : _bCruz O. _c1996. |
||
| 300 | _a137 p. | ||
| 440 | 1 |
_a¿Qué sé? ; _v44 |
|
| 600 | 1 | 4 |
_aHOBBES, THOMAS, _d1588-1679 _928763 |
| 905 | _aLibro | ||
| 999 |
_c86899 _d86899 |
||